000 00911nam a2200265Ia 4500
003 OSt
005 20210728143535.0
008 210310s1990 ar gr 000 0 spa d
020 _a9502005781
040 _aCO-JMCR
_cCO-JMCR
041 0 _aspa
082 0 4 _a332.1 /
_bB644m
_223
100 1 _aBonilli Shaw, Carlos,
_eautor
_927061
245 1 0 _aManual para operaciones bancarias y financieras /
_cCarlos Bollini Shaw, Eduardo J. Boneo Villegas
250 _aTercera edición
260 _aBuenos Aires, Argentina :
_bAbeledo - Perrot,
_c1990.
300 _a475 páginas ;
_c23 cm.
504 _aBibliografía : páginas 463-468.
505 _aEl sistema financiero. -- La contratación bancaria.
650 1 4 _aCuentas corrientes
_938842
650 2 4 _aDepósitos bancarios
_938843
650 2 4 _aComodato bancario
_938844
700 1 _aBoneo Villegas, Eduardo J.,
_eautor
_938845
942 _2ddc
_cBK
999 _c12018
_d12018